Biggest Cities of Viking England (Danelaw) on a Map - Statistics

General Stats
  • This quiz has been taken 313 times
  • The average score is 8 of 20
Answers on the Map
Answers color-coded by a green-red scale on the quiz's map according to % correct below.
 
Answer Stats
Pop. City % Correct
8,000 Lundunaborg (London)
95%
4,000 Jorvík (York)
92%
4,500 Norðvík (Norwich)
79%
2,500 Grantanbrycg (Cambridge)
65%
5,000 Lindcylene (Lincoln)
65%
1,500 Snotingaham (Nottingham)
64%
3,000 Gipeswic (Ipswich)
61%
2,500 Ligoraceaster (Leicester)
59%
3,000 Colneceaster (Colchester)
50%
1,500 Norðhantún (Northampton)
39%
2,000 Bedanford (Bedford)
26%
1,000 Beodericsworth (Bury St Edmunds)
25%
1,500 Donneceaster (Doncaster)
24%
4,000 Theodford (Thetford)
21%
1,000 Heorotforda (Hertford)
19%
1,000 Hundatún (Huntingdon)
16%
1,000 Stamforð (Stamford)
16%
2,000 Dunwic (Dunwich)
12%
1,500 Suþbyrig (Sudbury)
11%
5,000 Turecesieg (Torksey)
7%
No matching quizzes found
Score Distribution
Percent of People with Each Score
Percentile by Number Answered
Your Score History
You have not taken this quiz